Evénements du 28 novembre - Statistiques

Statistiques générales
  • Ce quiz a été pris 39 fois
  • Le résultat moyen est 6 sur 15
Statistiques - réponses
Hint Réponse % Correct
Abdication officielle de Guillaume II d'Allemagne 1918
66%
Naissance de Michel Berger et Mort du maréchal Leclerc de Hauteclocque 1947
57%
Naissance de la chanteuse Shy'm 1985
54%
Naissance de Jean-Baptiste Lully, compositeur 1632
51%
Mort du pape Grégoire II 741
46%
Naissance du politicien Pierre Joxe 1934
43%
Naissance du poète britannique William Blake 1757
37%
Sortie du film Et Dieu créa la femme 1956
37%
Lancement de la sonde spatiale Mariner 4 1964
34%
Naissance de l'écrivain autrichien Stefan Zweig 1881
31%
Mort de Jean-Louis Servan-Schreiber, journaliste 2020
31%
Naissance de l'ethnologue Claude Lévi-Strauss 1908
29%
Indépendance de la Mauritanie 1960
29%
1ère apparition mariale à Kibeho au Rwanda 1981
17%
Indépendance de l'Albanie 1912
6%
Aucun quiz correspondant
Distribution des résultats
% des personnes avec chaque résultat
Percentile par nombre de réponses
Votre historique - résultats
Vous n’avez pas pris ce quiz